000 00473nam a22001817a 4500
003 NUST
005 20210803113229.0
008 210803b ||||| |||| 00| 0 eng d
020 _a9789813271012
038 _aMuzammil
082 _a670
_bHUA
100 _aHuang, Yong
_981142
245 _aHandbook of Manufacturing\
_cEdited by Yong Huang , Lihui Wang
260 _aLondon
_bWorld Scientific
_c2020
300 _axi,725p.:
563 _aHard Cover
942 _2ddc
_cBK
999 _c586047
_d586047